[Event "34th Chess Olympiad (men)"]
[Site "Istanbul"]
[Date "2000.10.30"]
[Round "3.40.1"]
[White "Borg, Geoffrey"]
[Black "Moussa, Othman"]
[WhiteElo "2344"]
[BlackElo "2375"]
[WhiteCountry "MLT"]
[BlackCountry "UAE"]
[Result "1/2-1/2"]

1. d4 Nf6 2. c4 e6 3. Nc3 Bb4 4. Nf3 b6 5. g3 Bb7 6. Bg2 Ne4 7. Qc2 f5 
8. O-O O-O 9. Nxe4 Bxe4 10. Qb3 Be7 11. Ne1 Bxg2 12. Nxg2 Bf6 13. Rd1 Qe7 
14. Ne1 Nc6 15. Nf3 Kh8 16. d5 Na5 17. Qc2 Qc5 18. dxe6 dxe6 19. Bg5 Rad8 
20. Bxf6 gxf6 21. Rxd8 Rxd8 22. b3 Nc6 23. Rd1 
1/2-1/2

[Event "34th Chess Olympiad (men)"]
[Site "Istanbul"]
[Date "2000.10.30"]
[Round "3.40.2"]
[White "Majeed, Abdul"]
[Black "Camilleri, Stephan J"]
[WhiteElo "2291"]
[BlackElo "2097"]
[WhiteCountry "UAE"]
[BlackCountry "MLT"]
[Result "1-0"]

1. e4 c5 2. d3 Nc6 3. g3 g6 4. Bg2 Bg7 5. f4 d6 6. Nf3 e6 7. O-O Nge7 8. c3 O-O 
9. Be3 b6 10. Bf2 Bb7 11. Re1 Rc8 12. Na3 Qd7 13. Qd2 Rfd8 14. Rad1 d5 
15. e5 h5 16. h3 Bh6 17. g4 hxg4 18. hxg4 Kh7 19. Bh4 Rh8 20. Bf6 Bg7 
21. Kf2 Kg8 22. Rg1 Rh1 23. Rxh1 Kf8 24. Bxg7+ Kxg7 25. f5 
1-0

[Event "34th Chess Olympiad (men)"]
[Site "Istanbul"]
[Date "2000.10.30"]
[Round "3.40.3"]
[White "Borg, Andrew"]
[Black "Saleh, Jasim"]
[WhiteElo "2132"]
[BlackElo "2356"]
[WhiteCountry "MLT"]
[BlackCountry "UAE"]
[Result "0-1"]

1. d4 g6 2. c4 Bg7 3. e4 d6 4. Nc3 e5 5. de5 de5 6. Qd8+ Kd8 7. f4 Nc6 
8. Nf3 Nd4 9. Kf2 Nf3 10. gf3 c6 11. Be2 Kc7 12. Be3 f6 13. h4 Bh6 14. fe5 fe5 
15. Bg5 Be6 16. b4 Rf8 17. Kg2 Bg7 18. b5 Nf6 19. bc6 bc6 20. Be3 Ra8 
21. Na4 Nh5 22. Nc5 Bc8 23. Rad1 Rf8 24. Rd2 Nf4+ 25. Bf4 Rf4 26. Bd1 Rf7 
27. Ba4 Bh6 28. Rd3 Bf8 29. Nb3 Rb8 30. Nd2 Rb2 31. Rb1 Ra2 32. Bb3 Ra3 
33. c5 Ba6 34. Rc3 Rd7 35. Nc4 Bc4 36. Rc4 Rd3 37. Bd1 Ra2+ 38. Kh3 Rdd2 
39. f4 Rh2+ 40. Kg3 Rag2+ 41. Kf3 Rf2+ 42. Kg4 Rhg2+ 43. Kh3 ef4 44. Rb3 h5 
0-1

[Event "34th Chess Olympiad (men)"]
[Site "Istanbul"]
[Date "2000.10.30"]
[Round "3.40.4"]
[White "Moussa, Taleb"]
[Black "Vella, Duncan"]
[WhiteElo "2389"]
[BlackElo "2000"]
[WhiteCountry "UAE"]
[BlackCountry "MLT"]
[Result "1-0"]

1. d4 Nf6 2. Nf3 g6 3. c4 Bg7 4. Nc3 d6 5. e4 O-O 6. Be2 e5 7. Be3 ed4 
8. Nd4 Re8 9. f3 Nc6 10. O-O Nh5 11. f4 Nd4 12. Bd4 Bd4+ 13. Qd4 Qf6 
14. Qd2 Qh4 15. Bh5 gh5 16. Nd5 Re4 17. Qc3 Re6 18. Nc7 Rg6 19. f5 Bf5 
20. Rf5 Rc8 21. Nd5 Kf8 22. Raf1 
1-0

[Event "34th Chess Olympiad (men)"]
[Site "Istanbul"]
[Date "2000.10.30"]
[Round "3.41.2"]
[White "Kayle, Charles"]
[Black "Gallego Martinez, Ruben"]
[WhiteElo "2097"]
[BlackElo "2313"]
[WhiteCountry "PLE"]
[BlackCountry "AND"]
[Result "0-1"]

1. d4 g6 2. c4 Bg7 3. Nc3 d6 4. e4 Nd7 5. f4 e5 6. fxe5 dxe5 7. d5 Qh4+ 
8. g3 Qe7 9. Nf3 Ngf6 10. Bg2 O-O 11. Qe2 a5 12. O-O Nc5 13. h3 b6 14. b3 Bd7 
15. Bd2 c6 16. Rad1 cxd5 17. Nxd5 Nxd5 18. cxd5 Bc8 19. Qe3 Ba6 20. Rfe1 Nd3 
21. Qxb6 Nxe1 22. Bxe1 Be2 23. d6 Qf6 24. Rd2 Bxf3 25. Rf2 Rfd8 26. Rxf3 Qxd6 
27. Bxa5 Qxb6+ 28. Bxb6 Rd1+ 29. Rf1 Rxf1+ 30. Bxf1 Rxa2 31. Bc4 Bf8 
32. Bf2 Kg7 33. Bd5 Bb4 34. Bc4 f5 35. exf5 gxf5 36. Bd3 Kf6 37. Bc4 Bc3 
38. Kf1 Rb2 39. Bc5 h5 40. h4 Bd4 41. b4 Bxc5 42. bxc5 Rc2 43. Be2 Kg6 
44. Kf2 Rxc5 
0-1

[Event "34th Chess Olympiad (men)"]
[Site "Istanbul"]
[Date "2000.10.30"]
[Round "3.41.3"]
[White "Simonet, Marc"]
[Black "Asaad, Salah"]
[WhiteElo "2295"]
[BlackElo "2000"]
[WhiteCountry "AND"]
[BlackCountry "PLE"]
[Result "0-1"]

1. d4 f5 2. c4 Nf6 3. Nf3 g6 4. g3 Bg7 5. Bg2 O-O 6. O-O d6 7. d5 c6 8. Nc3 e5 
9. de6 Be6 10. b3 Na6 11. Bb2 h6 12. Qc2 Nb4 13. Qd2 d5 14. Nd4 Bf7 15. Na4 Na6 
16. c5 Qe7 17. Rac1 Rfe8 18. a3 Ne4 19. Qc2 Rad8 20. e3 Nc7 21. b4 Ne6 
22. Rcd1 Nd4 23. Bd4 Bd4 24. Rd4 g5 25. Nb2 Bg6 26. Qc1 Bh5 27. f3 Nf6 
28. Re1 Bg6 29. Qd2 Qc7 30. Nd3 Re7 31. f4 Nd7 32. fg5 hg5 33. e4 fe4 
34. Qg5 Rg7 35. Nf4 Bf7 36. Qh4 Ne5 37. Be4 Re8 38. Nh5 Nf3+ 39. Bf3 Re1+ 
40. Kf2 Bh5 41. Qh5 Qe5 42. Qe5 Re5 43. h4 Rf7 44. Rd3 Re4 45. Kg2 Rc4 
46. Kh3 d4 47. Bg4 Re7 48. h5 Kg7 49. Kh4 Re3 50. Rd2 d3 51. Kh3 Rc2 52. Rd1 d2 
53. Kg2 Rcc3 
0-1

[Event "34th Chess Olympiad (men)"]
[Site "Istanbul"]
[Date "2000.10.30"]
[Round "3.41.4"]
[White "Mawed, Mohamed"]
[Black "Santamaria, V"]
[WhiteElo "2000"]
[BlackElo "2214"]
[WhiteCountry "PLE"]
[BlackCountry "AND"]
[Result "1-0"]

1. e4 d6 2. d4 Nf6 3. Nc3 g6 4. Nf3 Bg7 5. Be2 O-O 6. O-O c6 7. Re1 Qc7 
8. e5 dxe5 9. Nxe5 Be6 10. Bf4 Qa5 11. h4 Nbd7 12. h5 Nxe5 13. Bxe5 Nd5 
14. Nxd5 Qxd5 15. hxg6 hxg6 16. c4 Qd7 17. Bxg7 Kxg7 18. Qd2 Rad8 19. Rad1 Rh8 
20. Qc3 f6 21. Bf3 Bf7 22. g3 Rhe8 23. Kg2 Rh8 24. Re4 Rhe8 25. b3 Qd6 
26. Rde1 g5 27. Kf1 Bg6 28. Re6 Qc7 29. Qe3 Rd7 30. Qc3 Kf8 31. Qb4 a5 
32. Qc5 Kg7 33. d5 cxd5 34. Qxc7 Rxc7 35. Bxd5 Bf7 36. Rb6 Bxd5 37. cxd5 Kf8 
38. Rb5 Rd7 39. Rxa5 Red8 40. Rb5 Rxd5 41. Rxb7 e5 42. Kg2 Rd2 43. a4 Ra2 
44. Rc1 e4 45. Rc3 Kg8 46. g4 
1-0

[Event "34th Chess Olympiad (men)"]
[Site "Istanbul"]
[Date "2000.10.30"]
[Round "3.42.1"]
[White "Clavijo, Jorge"]
[Black "Leyva, Hector"]
[WhiteElo "2414"]
[BlackElo "2409"]
[WhiteCountry "COL"]
[BlackCountry "ESA"]
[Result "1-0"]

1. d4 d5 2. c4 e6 3. Nf3 c6 4. e3 Nd7 5. Bd3 Ngf6 6. O-O Bd6 7. Nc3 O-O 
8. e4 dxe4 9. Bc2 b6 10. Qd3 h6 11. b3 Bb7 12. Bb2 Re8 13. Rad1 Kf8 14. Ne5 Qc7 
15. Qg3 Rac8 16. c5 Bxe5 17. dxe5 Nd5 18. Rd4 g6 19. Bc1 Kg7 20. Bxh6+ Kxh6 
21. Qf4+ Kg7 22. Qf6+ Kf8 23. Qe7+ Nxe7 24. a4 Ra8 25. Re1 Reb8 26. Rxd7 Rc8 
27. Nd5 cxd5 28. h4 Nf5 29. Rxf7+ Kxf7 30. a5 d4 31. a6 
1-0

[Event "34th Chess Olympiad (men)"]
[Site "Istanbul"]
[Date "2000.10.30"]
[Round "3.42.2"]
[White "Arias, Lemnys"]
[Black "Echavarria, Johann"]
[WhiteElo "2000"]
[BlackElo "2328"]
[WhiteCountry "ESA"]
[BlackCountry "COL"]
[Result "0-1"]

1. e4 c5 2. Nf3 Nc6 3. d4 cxd4 4. Nxd4 Nf6 5. Nc3 e6 6. Ndb5 d6 7. Bf4 e5 
8. Bg5 a6 9. Na3 b5 10. Nd5 Be7 11. Bxf6 Bxf6 12. c4 b4 13. Nc2 Rb8 14. Be2 O-O 
15. Qd3 Bg5 16. O-O Be6 17. b3 Qd7 18. Rad1 Qa7 19. Qg3 Bd8 20. Kh1 a5 
21. f4 Bxd5 22. Rxd5 exf4 23. Rxf4 Bc7 24. Rh4 Ne5 25. Nd4 Bb6 26. Nb5 Qe7 
27. Nxd6 Ng6 28. Rg4 Rbd8 29. h4 h5 30. Rgg5 Qf6 31. c5 Bxc5 32. Rxc5 Qxd6 
33. Qxd6 Rxd6 34. Bxh5 Nxh4 35. Rxa5 Rh6 36. Kg1 f6 37. Rg4 g5 38. e5 Rxh5 
39. exf6 Rxf6 40. Raxg5+ Rxg5 41. Rxg5+ Rg6 42. Rxg6+ Nxg6 43. Kf2 Nf4 
44. Ke3 Nxg2+ 45. Kd4 Ne1 46. a4 bxa3ep 47. Kc3 Nd3 48. Kd4 
0-1

[Event "34th Chess Olympiad (men)"]
[Site "Istanbul"]
[Date "2000.10.30"]
[Round "3.42.3"]
[White "Uribe, Mauricio"]
[Black "Lievano, Juan"]
[WhiteElo "2293"]
[BlackElo "2000"]
[WhiteCountry "COL"]
[BlackCountry "ESA"]
[Result "1-0"]

1. e4 c5 2. Nf3 d6 3. d4 cd4 4. Nd4 Nf6 5. Nc3 g6 6. Be3 Bg7 7. f3 O-O 
8. Qd2 Nc6 9. Bc4 Bd7 10. O-O-O Qa5 11. Bb3 Rfc8 12. Kb1 Ne5 13. h4 Nc4 
14. Bc4 Rc4 15. Nb3 Qc7 16. h5 Rc3 17. Qc3 Qc3 18. bc3 Nh5 19. Bd4 Nf4 
20. Rd2 a5 21. Bg7 Kg7 22. e5 a4 23. Nc1 d5 24. c4 e6 25. g3 Nh5 26. Rdh2 Rh8 
27. Ne2 Kg8 28. Rd1 Bc6 29. g4 Ng7 30. cd5 Bd5 31. c4 Bc6 32. Rd8+ Be8 
33. Rb8 h5 34. Rb7 Bc6 35. Rb8+ Kh7 36. Rh8+ Kh8 37. Nd4 Bb7 38. c5 Kg8 
39. c6 Ba6 40. c7 
1-0

[Event "34th Chess Olympiad (men)"]
[Site "Istanbul"]
[Date "2000.10.30"]
[Round "3.42.4"]
[White "Ricando, Chavez"]
[Black "Renteria, Jorge"]
[WhiteElo "2111"]
[BlackElo "2271"]
[WhiteCountry "ESA"]
[BlackCountry "COL"]
[Result "0-1"]

1. e4 c5 2. g3 Nc6 3. Bg2 g6 4. f4 Bg7 5. Nf3 d6 6. O-O e6 7. d3 Nge7 8. c3 O-O 
9. a4 Rb8 10. Na3 a6 11. Be3 b5 12. axb5 axb5 13. d4 b4 14. Nc2 cxd4 
15. Ncxd4 bxc3 16. bxc3 Qc7 17. Qd3 d5 18. e5 Na5 19. Nb5 Nc4 20. Bc5 Rxb5 
21. Bxe7 Re8 22. Bb4 f6 23. Rfe1 fxe5 24. Nxe5 Nxe5 25. fxe5 Rb7 26. Ra8 Bd7 
27. Rxe8+ Bxe8 28. Bc5 h5 29. Bd4 g5 30. Rd1 Rb3 31. Bh3 g4 32. Bf1 Bc6 
33. Qb5 Bxb5 34. Bg2 Bc4 35. Rd2 Bh6 36. Rc2 Rb1+ 37. Kf2 Kf7 38. Be3 Bg7 
39. Bf4 Kg6 40. Rc1 Rb2+ 41. Kg1 Kf5 42. Bf1 Bxe5 43. Bxc4 dxc4 44. Bxe5 Kxe5 
45. Re1+ Kf5 46. Rf1+ Ke4 47. Re1+ Kd3 48. Rxe6 Rb5 49. Kf2 Kxc3 50. Rh6 Kb2 
51. Ke3 c3 52. Kd3 c2 53. Kd4 
0-1

[Event "34th Chess Olympiad (men)"]
[Site "Istanbul"]
[Date "2000.10.30"]
[Round "3.43.1"]
[White "Domingos, Gomes"]
[Black "Lodhi, Mahmood"]
[WhiteElo "2000"]
[BlackElo "2438"]
[WhiteCountry "ANG"]
[BlackCountry "PAK"]
[Result "1/2-1/2"]

1. d4 Nf6 2. c4 e6 3. Nf3 d5 4. cxd5 exd5 5. g3 c6 6. Bg2 Bd6 7. O-O O-O 
8. Nc3 h6 9. Qc2 Re8 10. a3 a5 11. Re1 Nbd7 12. e4 dxe4 13. Nxe4 Nxe4 
14. Rxe4 Rxe4 15. Qxe4 Nf6 16. Qc2 Be6 17. Bd2 a4 18. Re1 Qb6 19. Bxh6 Bg4 
20. Be3 Nd5 21. Ng5 g6 22. Be4 Nxe3 23. fxe3 Qd8 24. Nxf7 Kxf7 25. Bxg6+ Kg7 
26. Rf1 Qg5 27. Rf7+ Kg8 28. Qe4 Rf8 29. Rxf8+ Bxf8 30. h4 Qe7 31. Qxg4 Qxe3+ 
32. Kg2 Bg7 33. Qc8+ Bf8 34. Qf5 Qe7 35. d5 cxd5 36. Qxd5+ Kg7 37. Be4 b6 
38. Qb7 Qxb7 39. Bxb7 Bc5 40. Bc6 Bd4 41. Bxa4 Bxb2 42. Bb5 Bxa3 43. g4 Bc1 
44. Kf3 Kf6 45. Ke4 Bd2 46. Kd5 Kg7 47. Ke5 Be1 48. h5 Bd2 49. Kf5 Kh6 
1/2-1/2

[Event "34th Chess Olympiad (men)"]
[Site "Istanbul"]
[Date "2000.10.30"]
[Round "3.43.2"]
[White "Gillani, Tunveer M D"]
[Black "Santos Simao, Amorim"]
[WhiteElo "2255"]
[BlackElo "2000"]
[WhiteCountry "PAK"]
[BlackCountry "ANG"]
[Result "1/2-1/2"]

1. e4 c5 2. Nf3 e6 3. c3 d5 4. e5 Nc6 5. d4 Qb6 6. Be2 f6 7. O-O fxe5 
8. dxe5 Nge7 9. Na3 Ng6 10. Re1 c4 11. Nc2 Bc5 12. Ncd4 O-O 13. Bf1 Qc7 
14. Nxc6 bxc6 15. Be3 Be7 16. b3 Nxe5 17. Nxe5 Qxe5 18. Bd4 Qc7 19. bxc4 Bd6 
20. g3 Bd7 21. c5 Be7 22. Bh3 Rae8 23. Bxe6+ Bxe6 24. Rxe6 Qd7 25. Re3 Rb8 
26. Qe2 Rb7 27. Re1 Rf7 28. Re6 Bf8 29. Qa6 Rb1 30. Rxb1 Qxe6 31. Qd3 h6 
32. Kg2 Re7 33. Rb8 Re8 34. Rb7 Re7 35. Rb2 Qc8 36. Qg6 Re1 37. Qd3 Re7 
38. Qb1 Re8 39. Rb7 Re7 40. Rb8 Qe6 41. Ra8 Rf7 42. Qd3 Re7 43. Qf3 Rf7 
44. Qe3 Qf5 45. Qf4 Qd3 46. Qg4 Qa6 47. Qe6 Qd3 48. Rxf8+ Kxf8 49. Qc8+ Ke7 
50. Qc7+ Ke8 51. Qxc6+ Rd7 52. Qe6+ Re7 53. Qg8+ Kd7 54. Qxd5+ Ke8 55. Qa8+ Kf7 
56. Qd5+ Ke8 57. c6 Qe4+ 58. Qxe4 Rxe4 59. Bxa7 Ra4 60. Bd4 g6 61. Kf3 Rxa2 
62. Ke4 Ra5 63. c4 Ke7 64. c7 Kd7 65. Bb6 Rh5 66. h4 Rf5 67. f4 h5 68. Kf3 Kc8 
69. g4 hxg4+ 70. Kxg4 Kd7 71. c5 Kc8 72. c6 Rh5 73. Kg3 Rf5 74. Kg4 Rh5 
75. Kg3 Rf5 
1/2-1/2

[Event "34th Chess Olympiad (men)"]
[Site "Istanbul"]
[Date "2000.10.30"]
[Round "3.43.3"]
[White "Campos, Eugenio"]
[Black "Amer, Karim"]
[WhiteElo "2238"]
[BlackElo "2240"]
[WhiteCountry "ANG"]
[BlackCountry "PAK"]
[Result "0-1"]

1. d4 Nf6 2. c4 e6 3. Nf3 b6 4. g3 Bb7 5. Bg2 Bb4+ 6. Bd2 a5 7. O-O O-O 
8. Bg5 Be7 9. Nc3 Ne4 10. Bxe7 Qxe7 11. Qd3 Nxc3 12. Qxc3 d6 13. Rfe1 f5 
14. c5 Bd5 15. Nh4 Bxg2 16. Nxg2 Nd7 17. cxd6 cxd6 18. Rac1 Nf6 19. Qc7 Nd5 
20. Qxe7 Nxe7 21. Rc7 Kf7 22. Ne3 d5 23. Rec1 Rac8 24. f3 Kf6 25. Kf2 g5 
26. Ke1 h5 27. Kd2 Rg8 28. Ng2 Rxc7 29. Rxc7 h4 30. Ne3 Rc8 31. Rb7 hxg3 
32. hxg3 Rc6 33. Nd1 Nc8 34. b3 Nd6 35. Rd7 Nb5 36. e3 Na3 37. Nc3 b5 
38. Ra7 a4 39. Rb7 g4 40. fxg4 fxg4 41. Kd3 Rc8 42. Rb6 Ke7 43. bxa4 bxa4 
44. Nxa4 Nc4 45. Ra6 e5 46. Nc5 e4+ 47. Ke2 Rh8 48. Ra7+ Kf6 49. Ra6+ Kf5 
50. Ne6 Rh2+ 51. Ke1 Nxe3 52. Ng7+ Kg5 53. Ne6+ Kf6 54. Nf4+ Ke7 55. Ra5 Kd6 
56. Ra6+ Kd7 57. Ra5 Kd6 58. Ra6+ Kc7 59. Ra5 Kc6 60. Rc5+ Kd6 61. a4 Ng2+ 
62. Kf1 Nxf4 63. gxf4 Rd2 64. Ra5 Rxd4 65. Ra6+ Ke7 66. Ke2 Rd3 67. Rg6 g3 
68. a5 Ra3 69. a6 Kf7 70. f5 d4 71. Rd6 Ra2+ 72. Kf1 e3 73. Rxd4 Ra1+ 
0-1

[Event "34th Chess Olympiad (men)"]
[Site "Istanbul"]
[Date "2000.10.30"]
[Round "3.43.4"]
[White "Waqar, Mohamed"]
[Black "Assis Pedro, Aderito"]
[WhiteElo "2208"]
[BlackElo "2000"]
[WhiteCountry "PAK"]
[BlackCountry "ANG"]
[Result "1-0"]

1. d4 Nf6 2. c4 e6 3. Nf3 b6 4. g3 Bb7 5. Bg2 c5 6. dxc5 bxc5 7. O-O Be7 
8. Nc3 O-O 9. Bf4 Qb6 10. Nb5 Ne8 11. a4 Bc6 12. Qc2 Na6 13. Rad1 Nb4 
14. Qb1 d5 15. Ne5 Bxb5 16. axb5 Rd8 17. b3 Nf6 18. Bd2 Bd6 19. Bc3 Bxe5 
20. Bxe5 Nd7 21. Bc3 d4 22. Bd2 a6 23. bxa6 Nxa6 24. Qb2 Ne5 25. Qa3 Nb4 
26. Ra1 d3 27. exd3 Rxd3 28. Qb2 Nbc6 29. Bc3 Nd4 30. Kh1 Rf3 31. Bxd4 cxd4 
32. Qe2 Rf5 33. g4 d3 34. Qe4 Rg5 35. f4 Rxg4 36. Qxe5 Qxb3 37. h3 Rg6 
38. f5 Rg5 39. Qe3 Rxf5 40. Rxf5 exf5 41. Bd5 Qc2 42. Rg1 g6 43. Rg2 Qb1+ 
44. Qg1 Qb3 45. Qf1 Re8 46. Rd2 Re3 47. Kg2 Qc3 48. Qf2 f4 49. Bxf7+ Kg7 
50. Bd5 Rg3+ 51. Kh2 Re3 52. Ra2 Re2 53. Rxe2 dxe2 54. Qxe2 Qg3+ 55. Kh1 Qxh3+ 
56. Kg1 Qg3+ 57. Kf1 h5 58. Bf3 Kh6 59. c5 Qh3+ 60. Qg2 Qc8 61. c6 g5 
62. Qd2 Qb8 63. Qc3 Qb1+ 64. Kf2 g4 65. Qf6+ Kh7 66. Qf7+ 
1-0

[Event "34th Chess Olympiad (men)"]
[Site "Istanbul"]
[Date "2000.10.30"]
[Round "3.44.2"]
[White "Farleigh, Richard"]
[Black "Rama, Lorenc"]
[WhiteElo "2199"]
[BlackElo "2316"]
[WhiteCountry "MNC"]
[BlackCountry "ALB"]
[Result "0-1"]

1. e4 g6 2. d4 Bg7 3. Nc3 d6 4. Nge2 Nc6 5. Be3 e5 6. Qd2 Nf6 7. f3 O-O 
8. Nge2 O-O 9. h4 Nh5 10. Bxe7 Qxe7 11. g3 Nd7 12. Nf4 Nxf4 13. gxf4 Nf6 
14. Be2 Be6 15. Qd2 Qf7 16. b3 a6 17. Rd1 Qe7 18. d5 cxd5 19. cxd5 Bf7 
20. a4 Qc7 21. Qd4 Rac8 22. Bc4 Qa5 23. Rg1 Bh5 24. Rd2 Rc7 25. Kf1 Bf3 
26. Rb2 Rcc8 27. Rg3 Ng4 28. Rb1 Rf7 29. Re1 b5 30. axb5 axb5 31. Nxb5 Nh2+ 
32. Kg1 Qxe1+ 33. Kxh2 
0-1

[Event "34th Chess Olympiad (men)"]
[Site "Istanbul"]
[Date "2000.10.30"]
[Round "3.44.3"]
[White "Sula, Zegir"]
[Black "Gentilleau, Jean-Philippe"]
[WhiteElo "2348"]
[BlackElo "2177"]
[WhiteCountry "ALB"]
[BlackCountry "MNC"]
[Result "1-0"]

1. d4 Nf6 2. c4 Nc6 3. Nf3 e6 4. Nc3 cxd4 5. Nxd4 Nc6 6. e3 Nf6 7. Be2 O-O 
8. O-O d6 9. b3 Nd7 10. Bb2 Nc5 11. Nd5 Bd7 12. b4 Nxd4 13. Bxd4 Ne6 
14. Bxg7 Kxg7 15. Qb3 Nc7 16. e4 e5 17. Qe3 Nxd5 18. exd5 f5 19. c5 f4 
20. Qc3 Rc8 21. Rfc1 b6 22. c6 Rc7 23. a4 Qg5 24. f3 h5 25. Kh1 Qf6 26. Qe1 Bf5 
27. a5 bxa5 28. Ra2 a4 29. Rxa4 e4 30. Ra5 exf3 31. Bxf3 Rff7 32. Rca1 Qe7 
33. Qg1 Kh7 34. Qf2 h4 35. Rb1 Kg8 36. Re1 Qg5 37. Re8+ Kh7 38. Re4 Kg7 
39. Re4 Qe7 40. Rea1 
1-0

[Event "34th Chess Olympiad (men)"]
[Site "Istanbul"]
[Date "2000.10.30"]
[Round "3.44.4"]
[White "Lebel, Patrick"]
[Black "Mehmeti, Dritan"]
[WhiteElo "2172"]
[BlackElo "2000"]
[WhiteCountry "MNC"]
[BlackCountry "ALB"]
[Result "1/2-1/2"]

1. e4 c5 2. Nf3 d6 3. d4 cxd4 4. Nxd4 Nf6 5. Nc3 a6 6. c3 Qb6 7. Qb3 Nc6 
8. Nbd2 Na5 9. Qxb6 axb6 10. Be2 d6 11. O-O h6 12. e4 Nc6 13. d5 Nb8 
14. Rfe1 g5 15. Bh2 g4 16. hxg4 Bxg4 17. Nh4 Bd7 18. Nc4 b5 19. Nb6 Ra5 
20. Nxd7 
1/2-1/2

[Event "34th Chess Olympiad (men)"]
[Site "Istanbul"]
[Date "2000.10.30"]
[Round "3.45.1"]
[White "De Silva, Nuwan"]
[Black "Turgut, Tansel"]
[WhiteElo "2000"]
[BlackElo "2285"]
[WhiteCountry "SRI"]
[BlackCountry "TURB"]
[Result "0-1"]

1. e4 e5 2. Nf3 Nc6 3. d4 exd4 4. Nxd4 Bc5 5. Be3 Qf6 6. c3 Qg6 7. Nd2 Nf6 
8. f3 d5 9. Qc2 dxe4 10. Nxe4 Nxd4 11. Bxd4 Bxd4 12. cxd4 Nd5 13. Qc5 Ne3 
14. d5 Qb6 15. Bb5+ Bd7 16. Bxd7+ Kxd7 17. Qxb6 axb6 18. Kf2 Nxd5 19. Rhd1 c6 
20. Nc3 Ke6 21. Nxd5 cxd5 22. Rd2 Rhd8 23. Re1+ Kf6 24. a3 Rac8 25. f4 Rc4 
26. g3 b5 27. Re5 b4 28. axb4 Rxb4 29. Ke2 Rb3 30. Kd1 Rd6 31. Kc2 Rf3 
32. Rexd5 Rxd5 33. Rxd5 Rf2+ 34. Rd2 Rxd2+ 35. Kxd2 Kf5 36. Ke3 Kg4 37. Kf2 Kh3 
38. Kg1 f5 39. Kh1 h5 40. Kg1 g6 41. Kh1 h4 42. gxh4 Kxh4 43. Kg2 Kg4 
44. h3+ Kxf4 45. Kf2 g5 
0-1

[Event "34th Chess Olympiad (men)"]
[Site "Istanbul"]
[Date "2000.10.30"]
[Round "3.45.2"]
[White "Haznedaroglu, Kivanc"]
[Black "Wijesurija, G Laxman"]
[WhiteElo "2249"]
[BlackElo "2160"]
[WhiteCountry "TURB"]
[BlackCountry "SRI"]
[Result "1-0"]

1. e4 c5 2. Nf3 Nc6 3. d4 cxd4 4. Nxd4 g6 5. c4 Bg7 6. Be3 d6 7. Nc3 Nf6 
8. Be2 O-O 9. O-O Nxd4 10. Bxd4 Be6 11. Qd2 Rc8 12. b3 a6 13. Rfd1 Qc7 
14. Rac1 Rfe8 15. f4 Nd7 16. Bxg7 Kxg7 17. Kh1 Qc5 18. Na4 Qa3 19. f5 gxf5 
20. Qg5+ Kh8 21. exf5 Rg8 22. Qf4 Qxa2 23. Nc3 Qxb3 24. fxe6 fxe6 25. Qf7 Rce8 
26. Qxe6 Ne5 27. Bh5 Qb2 28. Ne2 Ref8 29. Rb1 Qc2 30. Rdc1 Qd2 31. Qd5 Nd3 
32. Rf1 e6 33. Qd4+ e5 34. Qb6 Nf4 35. Nxf4 Rxf4 36. Qg1 Rxc4 37. Bf7 Rc2 
38. Bxg8 Kxg8 39. Rxb7 e4 40. Rb8+ Kg7 41. Qa7+ 
1-0

[Event "34th Chess Olympiad (men)"]
[Site "Istanbul"]
[Date "2000.10.30"]
[Round "3.45.3"]
[White "Fonseka, C.k.d"]
[Black "Ipek, Ali"]
[WhiteElo "2000"]
[BlackElo "2241"]
[WhiteCountry "SRI"]
[BlackCountry "TURB"]
[Result "1/2-1/2"]

1. e4 c5 2. Nf3 e6 3. d4 cxd4 4. Nxd4 a6 5. c4 Nf6 6. Bd3 Qc7 7. Qe2 d6 
8. Nc3 Be7 9. O-O b6 10. Be3 Bb7 11. Rac1 Nbd7 12. f3 Ne5 13. Na4 O-O 
14. Bb1 Rab8 15. Qf2 Ba8 16. Ne2 Nfd7 17. b3 Qb7 18. Qg3 b5 19. cxb5 axb5 
20. Nac3 b4 21. Na4 Rfc8 22. Nd4 Rxc1 23. Rxc1 Rc8 24. Qe1 Rxc1 25. Qxc1 h5 
26. h3 Nc5 27. Nb2 g6 28. Ne2 Qa6 29. Nf4 Bc6 30. Qd2 Qb5 31. Nbd3 Ncxd3 
32. Nxd3 Nxd3 33. Bxd3 Qb7 34. Bd4 e5 35. Bf2 d5 36. exd5 Bxd5 37. Qe2 Qc7 
38. Qc2 Qxc2 39. Bxc2 f5 40. Bd3 Kf7 41. Kf1 Ke6 42. Ke2 g5 43. g4 fxg4 
44. fxg4 h4 45. Bc4 Kd6 46. Be1 Kc6 47. Bd2 Bg2 48. Kf2 Bxh3 49. Be2 Bc5+ 
50. Kf3 Be7 51. Kf2 Bc5+ 52. Kf3 Be7 53. Kf2 Bc5+ 
1/2-1/2

[Event "34th Chess Olympiad (men)"]
[Site "Istanbul"]
[Date "2000.10.30"]
[Round "3.46.1"]
[White "Cave, Christo"]
[Black "Molla, Mekitew"]
[WhiteElo "2296"]
[BlackElo "2000"]
[WhiteCountry "TRI"]
[BlackCountry "ETH"]
[Result "1-0"]

1. e4 c5 2. c3 d6 3. d4 Nf6 4. Bd3 cxd4 5. cxd4 Nc6 6. Ne2 Qb6 7. Nbc3 Bd7 
8. O-O Nxd4 9. Nxd4 Qxd4 10. Nb5 Qb6 11. Be3 Qd8 12. Rc1 Bxb5 13. Bxb5+ Nd7 
14. Qg4 a6 15. Bb6 f5 16. Qxf5 e6 17. Qxe6+ Qe7 18. Bxd7# 
1-0

[Event "34th Chess Olympiad (men)"]
[Site "Istanbul"]
[Date "2000.10.30"]
[Round "3.46.2"]
[White "Abera, Yimam"]
[Black "Ramsingh, Yogendranath"]
[WhiteElo "2000"]
[BlackElo "2246"]
[WhiteCountry "ETH"]
[BlackCountry "TRI"]
[Result "0-1"]

1. e4 g6 2. d4 Bg7 3. Be3 d6 4. Bc4 Nf6 5. Nc3 c6 6. h3 b5 7. Bd3 a6 8. f4 d5 
9. e5 Ng8 10. Qf3 e6 11. Nge2 Qa5 12. b3 Bf8 13. O-O h5 14. Bd2 Qb6 15. Be3 a5 
16. a4 b4 17. Nd1 Ba6 18. Nf2 Ne7 19. g4 hxg4 20. hxg4 Nd7 21. Bxa6 Qxa6 
22. Nd3 Ng8 23. Kg2 f5 24. exf6ep Ngxf6 25. Ng3 O-O-O 26. Rh1 Rg8 27. g5 Ne8 
28. Qg4 Ng7 29. Rae1 Bd6 30. Rh6 Nf5 31. Nxf5 exf5 32. Qh4 Nf8 33. Qh3 Qa7 
34. Kf3 Qc7 35. Ne5 Bxe5 36. fxe5 Ne6 37. Rh7 Rd7 38. Rh1 c5 39. Rxd7 Qxd7 
40. Qf1 Qb7 41. dxc5 d4+ 42. Kg3 dxe3 43. Qc4 f4+ 
0-1

[Event "34th Chess Olympiad (men)"]
[Site "Istanbul"]
[Date "2000.10.30"]
[Round "3.46.3"]
[White "Harper, Ryan"]
[Black "Hailu, Wossenyelew"]
[WhiteElo "2122"]
[BlackElo "2000"]
[WhiteCountry "TRI"]
[BlackCountry "ETH"]
[Result "1-0"]

1. e4 d6 2. d4 Nf6 3. f3 g6 4. c4 Bg7 5. Nc3 O-O 6. Be3 e5 7. Nge2 Nc6 
8. d5 Ne7 9. Qd2 Ne8 10. O-O-O f5 11. Kb1 Nf6 12. h3 b6 13. Nc1 Nh5 
14. N1e2 Nf6 15. g4 f4 16. Bf2 a5 17. Nc1 Nd7 18. Nd3 Ba6 19. b3 a4 
20. Nb2 axb3 21. axb3 Bb7 22. h4 Nc5 23. Qc2 Qb8 24. b4 Qa7 25. Kc1 Na6 
26. Qb3 Qb8 27. c5 bxc5 28. bxc5 Bc8 29. Bb5 Bd7 30. c6 Be8 31. Qc4 Qc8 
32. Kc2 Nb8 33. Ra1 Rxa1 34. Rxa1 h5 35. g5 Qh3 36. Qe2 Bf7 37. Ra7 Rc8 
38. Nd3 Nf5 39. exf5 gxf5 40. Ra8 Re8 41. Ba7 e4 42. Rxb8 exd3+ 43. Qxd3 Qh2+ 
44. Qd2 Qxh4 45. Rxe8+ Bxe8 46. Ne2 Qh1 47. Qxf4 Be5 48. Qe3 Qa1 49. Bd4 Qa2+ 
50. Kc1 Qxd5 51. Bxe5 dxe5 52. Nc3 Qd6 53. Qd2 Qe7 54. Bc4+ Kg7 55. Qd5 Qxg5+ 
56. Kc2 Kh6 57. Qxe5 Qg6 58. Qf4+ Qg5 59. Qxc7 h4 60. Qd6+ Bg6 61. c7 h3 
62. c8Q f4+ 63. Bd3 Qg2+ 64. Kb3 h2 65. Qh8+ 
1-0

[Event "34th Chess Olympiad (men)"]
[Site "Istanbul"]
[Date "2000.10.30"]
[Round "3.46.4"]
[White "Alemu, Fikreselassie"]
[Black "Duncan, Leonard"]
[WhiteElo "2000"]
[BlackElo "2000"]
[WhiteCountry "ETH"]
[BlackCountry "TRI"]
[Result "0-1"]

1. e4 g6 2. d4 Bg7 3. Nc3 d6 4. Be3 c6 5. Qd2 b5 6. O-O-O Nf6 7. f3 b4 
8. Nb1 a5 9. h4 h5 10. Nh3 Qc7 11. Ng5 Ba6 12. Be2 Bxe2 13. Qxe2 Nbd7 
14. Nd2 O-O 15. g4 c5 16. d5 Rfc8 17. Rdg1 c4 18. Nb1 Ne5 19. gxh5 Nxh5 
20. f4 Nd3+ 21. Kd1 Ndxf4 22. Bxf4 Nxf4 23. Qg4 Nd3 24. Rh2 Ne5 25. Qg3 Qc5 
26. c3 bxc3 27. Nxc3 Qd4+ 28. Rd2 Nd3 29. Ke2 Be5 30. Qg4 Qf2+ 31. Kd1 Qf4 
32. Qxf4 Bxf4 33. Rdg2 Ne5 34. Kc2 Rab8 35. Nh3 Bh6 36. h5 Kh7 37. hxg6+ Nxg6 
38. Rh1 Kg7 39. Ne2 Kf8 40. Ng3 Bg7 41. Kc1 c3 42. b3 a4 43. Nf5 axb3 
44. axb3 Rxb3 45. Nxg7 Kxg7 46. Ng5 Rcb8 47. Rh7+ Kg8 48. Rhh2 Nf4 49. Ra2 Rb1+ 
50. Kc2 Rg1 51. Nf3 Rg3 52. Nd4 Nd3 53. Nc6 Nb4+ 54. Nxb4 Rxb4 55. Re2 Kg7 
56. e5 dxe5 57. Rxe5 Rd4 58. Re2 Rxd5 59. Ra3 Rdd3 60. Ra7 Rde3 61. Rxe7 Rxe2+ 
62. Rxe2 Kg6 63. Re8 Kf5 64. Rf8 f6 65. Rc8 Kg5 66. Rc5+ f5 67. Rc8 Re3 
68. Rg8+ Kf4 69. Rf8 Ke4 70. Rf7 f4 71. Re7+ Kf3 72. Rf7 Kg3 73. Rg7+ Kf2 
74. Rf7 f3 75. Rf8 Ke1 76. Rd8 f2 
0-1